000 00520nam a2200193Ia 4500
003 GCL
008 140319s9999 xx 000 0 eng d
020 _a158180265X
040 _aGCL /
_cGCL
082 0 4 _a751.422
_bN P
100 1 _aNICE, CLAUDIA
245 1 0 _aPAINTING WITH WATERCOLOR, PEN & INK /
_cNICE, CLAUDIA
260 _aنيويورك :
_bNORTH LIGHT BOOKS ،
_c2001
300 _a32 CM ؛
_c221 P
650 0 4 _aDRAWING
650 0 4 _aWATER COLOUR - PAINTING
650 0 4 _aWATER COLOURS
942 _2ddc
_cBK
999 _c6586
_d6586